RICS 评估—— 全球标准 (Record no. 122323)

MARC details
000 -LEADER
fixed length control field 00877cam a22002415a 4500
005 - DATE AND TIME OF LATEST TRANSACTION
control field 20260312161851.0
008 - FIXED-LENGTH DATA ELEMENTS--GENERAL INFORMATION
fixed length control field 260312t2024 xxk fo 000 0 chi d
020 ## - INTERNATIONAL STANDARD BOOK NUMBER
International Standard Book Number 9781783215515
041 0# - LANGUAGE CODE
Language code of text/sound track or separate title chi
110 2# - MAIN ENTRY--CORPORATE NAME
Corporate name or jurisdiction name as entry element Royal Institution of Chartered Surveyors
9 (RLIN) 4900
245 00 - TITLE STATEMENT
Title RICS 评估—— 全球标准
Medium [electronic resource]
246 ## - VARYING FORM OF TITLE
Title proper/short title Simplified Chinese translation of RICS Valuation Global Standards
260 ## - PUBLICATION, DISTRIBUTION, ETC.
Place of publication, distribution, etc. London,
Name of publisher, distributor, etc. RICS,
Date of publication, distribution, etc. December 2024
300 ## - PHYSICAL DESCRIPTION
Extent 132p.
490 ## - SERIES STATEMENT
Series statement RICS Red Book
520 ## - SUMMARY, ETC.
Summary, etc. Published December 2024, effective from 31 Jan 2025
650 24 - SUBJECT ADDED ENTRY--TOPICAL TERM
Topical term or geographic name entry element RED BOOK
650 24 - SUBJECT ADDED ENTRY--TOPICAL TERM
Topical term or geographic name entry element GLOBAL VALUATION STANDARDS 2022
651 #4 - SUBJECT ADDED ENTRY--GEOGRAPHIC NAME
Geographic name International
690 ## - LOCAL SUBJECT ADDED ENTRY--TOPICAL TERM (OCLC, RLIN)
Topical term or geographic name as entry element Valuation
9 (RLIN) 6273
856 40 - ELECTRONIC LOCATION AND ACCESS
Uniform Resource Identifier <a href="https://www.rics.org/content/dam/ricsglobal/documents/standards/Red-Book-Global-Standards-2024-Chinese.pdf">https://www.rics.org/content/dam/ricsglobal/documents/standards/Red-Book-Global-Standards-2024-Chinese.pdf</a>
Public note Available on RICS.org
942 ## - ADDED ENTRY ELEMENTS (KOHA)
Suppress in OPAC 0
Source of classification or shelving scheme Dewey Decimal Classification

No items available.